000 00524nam a2200169 i 4500
001 90500
003 ES-MaACL
005 20230906180448.0
007 t|
008 050121s1965 sp ||||1| cat d
100 1 _aLegris, Michel.
_971303
245 1 4 _aLes parles maternes /
_cMichel Legris ; [traducció por Joan Cornudella Barberá].
260 _aBarcelona :
_b[Mediterrania Rafael Salvá],
_c1965.
300 _a66 p. ;
_c22 cm.
700 1 _aCornudella Barberá, Joan.
_940645
852 _aES-MaACL
_jC-30227
_bR.57943
999 _c90500
_d90500